Surrogate tissue analysis: Genomic, proteonic and metabolomic approaches (Record no. 42736)

MARC details
000 -LEADER
fixed length control field 00433nam a2200145Ia 4500
082 ## - DEWEY DECIMAL CLASSIFICATION NUMBER
Classification number 57.085.23:577.21
Item number BUR
100 ## - MAIN ENTRY--AUTHOR NAME
Personal name Burczynski, Michael E
245 #0 - TITLE STATEMENT
Title Surrogate tissue analysis: Genomic, proteonic and metabolomic approaches
260 ## - PUBLICATION, DISTRIBUTION, ETC. (IMPRINT)
Place of publication Boca Raton
Name of publisher Taylor & Francis
Year of publication 2006
650 ## - SUBJECT ADDED ENTRY--TOPICAL TERM
Topical Term Biological markers
650 ## - SUBJECT ADDED ENTRY--TOPICAL TERM
Topical Term Genetic markers
700 ## - ADDED ENTRY--PERSONAL NAME
Personal name John C
942 ## - ADDED ENTRY ELEMENTS (KOHA)
Koha item type Books
Holdings
Withdrawn status Lost status Damaged status Not for loan Home library Current library Date acquired Cost, normal purchase price Full call number Accession Number Koha item type
        RRII Library RRII Library 16/12/2021 79.00 57.085.23:577.21 BUR 23001 Books